000 00274nam a2200097Ia 4500
082 _a618.1|CLIN
245 0 _aClinical gynaecology
100 _a Kruger, T.F. Claremont [South Africa], 2011 4th ed
_957298
942 _cBK
008 210817s9999 xx 000 0 und d
999 _c179077
_d179076